[Event "BAN-chT2"]
[Site "Dhaka"]
[Date "2022.07.24"]
[Round "7.1"]
[White "Md Mazharul, Kabir"]
[Black "Mohammad, Kamruzzaman"]
[Result "0-1"]
[WhiteElo "1832"]
[BlackElo "1798"]
[PlyCount "150"]
[EventDate "2022.07.18"]
[EventType "team-swiss"]
[EventRounds "9"]
[EventCountry "BAN"]
[SourceTitle "EXT 2023"]
[Source "ChessBase"]
[SourceDate "2022.10.05"]
[SourceVersion "1"]
[SourceVersionDate "2022.10.05"]
[SourceQuality "1"]
[WhiteTeam "Desh Seba Krira Chakra"]
[BlackTeam "Bangladesh Police Prime"]
[WhiteTeamCountry "BAN"]
[BlackTeamCountry "BAN"]

1. e4 e6 2. d4 d5 3. e5 c5 4. c3 Nc6 5. a3 Qb6 6. Nf3 cxd4 7. cxd4 f6 8. Nc3 fxe5 9. Nxe5 Nf6 10. Bb5 Be7 11. Qa4 Bd7 12. Nxd7 Nxd7 13. 0-0 0-0 14. Re1 Bf6 15. Rxe6 Bxd4 16. Be3 Bxe3 17. fxe3 Nc5 18. Qg4 Nxe6 19. Qxe6+ Kh8 20. Qh3 Rae8 21. Re1 Re5 22. Bd3 h6 23. Qg3 Rg5 24. Qd6 Qd8 25. Qe6 Ne5 26. Be2 Rf6 27. Qh3 Qd7 28. Qh4 Qe6 29. Qd4 Qh3 30. Qxd5 Qxe3+ 31. Kh1 Rf8 32. h3 Qg3 33. Rf1 Rxf1+ 34. Bxf1 Qf2 35. Qd1 Rf5 36. Be2 Qe3 37. Qb1 Rf2 38. Qd1 Qg3 39. Qg1 Qf4 40. Qe1 Qe3 41. Qd1 Qg3 42. Qg1 Rf8 43. Qxa7 Ng6 44. Qc5 Re8 45. Qh5 Re6 46. Qf3 Qxf3 47. Bxf3 Ne5 48. Bxb7 Rb6 49. Bd5 Rxb2 50. Kh2 Rc2 51. Ne4 Nc6 52. Nd6 Ne5 53. Nf7+ Nxf7 54. Bxf7 g5 55. a4 Kg7 56. Bd5 Kf6 57. Bb3 Rc3 58. Bd1 Ra3 59. Bc2 Ke5 60. Bd1 Kf4 61. Bc2 Ke3 62. Bd1 Kd2 63. Bf3 Rxa4 64. Bh5 Ke3 65. Bf3 Kf2 66. Bc6 Ra3 67. Bb7 h5 68. Bf3 Rxf3 69. gxf3 Kxf3 70. Kh1 Kg3 71. Kg1 Kxh3 72. Kh1 g4 73. Kg1 g3 74. Kh1 g2+ 75. Kg1 h4 0-1

[Event "BAN-chT2 Borsho 2nd"]
[Site "Bangladesh"]
[Date "2021.01.26"]
[Round "7.1"]
[White "Mohammad, Kamruzzaman"]
[Black "Md Sirajul, Islam"]
[Result "1/2-1/2"]
[WhiteElo "1867"]
[BlackElo "1704"]
[PlyCount "69"]
[EventDate "2021.01.20"]
[EventType "team-tourn"]
[EventRounds "9"]
[EventCountry "BAN"]
[SourceTitle "CBM 200 Extra"]
[Source "ChessBase"]
[SourceDate "2021.03.31"]
[SourceVersion "1"]
[SourceVersionDate "2021.03.31"]
[SourceQuality "1"]
[WhiteTeam "Bangladesh Police Prime"]
[BlackTeam "Sonirakhra CC"]
[WhiteTeamCountry "BAN"]
[BlackTeamCountry "BAN"]

1. e4 d6 2. d4 Nf6 3. Bd3 Nbd7 4. Nf3 e5 5. c3 Be7 6. 0-0 0-0 7. h3 b6 8. Be3 c5 9. Nbd2 Bb7 10. d5 h6 11. Nh2 Nh7 12. c4 Bg5 13. Qe2 Bc8 14. f4 exf4 15. Bxf4 Bxf4 16. Rxf4 Ne5 17. Raf1 Qg5 18. Qe3 Ng6 19. R4f3 Qxe3+ 20. Rxe3 Ne5 21. Nhf3 f6 22. Nxe5 fxe5 23. Ref3 Bd7 24. Rxf8+ Rxf8 25. Rxf8+ Kxf8 26. Kf2 Ke7 27. Be2 Ng5 28. Bh5 Kf6 29. Ke3 g6 30. Bd1 Nf7 31. a3 Ng5 32. b4 Nf7 33. b5 Bc8 34. a4 a5 35. Kf2 1/2-1/2

[Event "BAN-chT2"]
[Site "Dhaka"]
[Date "2016.11.05"]
[Round "3.3"]
[White "Uten"]
[Black "Mohammad, Kamruzzaman"]
[Result "1-0"]
[WhiteElo "2141"]
[BlackElo "1940"]
[PlyCount "103"]
[EventDate "2016.11.03"]
[EventType "team-swiss"]
[EventRounds "7"]
[EventCountry "BAN"]
[SourceTitle "CBM 175 Extra"]
[Source "ChessBase"]
[SourceDate "2016.12.12"]
[SourceVersion "1"]
[SourceVersionDate "2016.12.12"]
[SourceQuality "1"]
[WhiteTeam "Esoft Arena"]
[BlackTeam "Bangladesh Police"]
[WhiteTeamCountry "BAN"]
[BlackTeamCountry "BAN"]

1. e4 e6 2. d4 d5 3. Nd2 c5 4. c3 cxd4 5. cxd4 dxe4 6. Nxe4 Nf6 7. Nxf6+ Qxf6 8. Nf3 Bb4+ 9. Bd2 Bxd2+ 10. Qxd2 0-0 11. Be2 Nc6 12. 0-0 Rd8 13. Rfd1 b6 14. Qe3 Bb7 15. a3 Rd6 16. Rd2 Rad8 17. Rad1 Ne7 18. Ne5 Nf5 19. Qc3 Rc8 20. Qb4 Rcd8 21. Bf3 Bxf3 22. Nxf3 g5 23. h3 h5 24. Ne5 Kg7 25. Qc3 a5 26. g4 Ne7 27. gxh5 Nd5 28. Qg3 Nf4 29. Kh2 Nxh5 30. Qc3 Rxd4 31. Ng4 Qf4+ 32. Kg2 e5 33. Nxe5 Rxd2 34. Nf3+ Qf6 35. Qxf6+ Nxf6 36. Rxd2 Rxd2 37. Nxd2 Nd5 38. Kf3 f5 39. Nc4 Kf6 40. b3 Kg6 41. Kg3 Kf6 42. h4 f4+ 43. Kg4 gxh4 44. Kxh4 Kf5 45. f3 Ke6 46. Kg4 Kd7 47. Kf5 Kc6 48. Ne5+ Kc5 49. Ke4 Nc3+ 50. Kxf4 Ne2+ 51. Ke4 Nc1 52. Nd3+ 1-0

[Event "BAN-chB 42nd"]
[Site "Dhaka"]
[Date "2016.10.25"]
[Round "6"]
[White "Shawket Bin, Osman Shaon"]
[Black "Mohammad, Kamruzzaman"]
[Result "1-0"]
[WhiteElo "2082"]
[BlackElo "1940"]
[PlyCount "69"]
[EventDate "2016.10.20"]
[EventType "swiss"]
[EventRounds "11"]
[EventCountry "BAN"]
[SourceTitle "CBM 175 Extra"]
[Source "ChessBase"]
[SourceDate "2016.12.12"]
[SourceVersion "1"]
[SourceVersionDate "2016.12.12"]
[SourceQuality "1"]

1. d4 Nf6 2. c4 g6 3. Nc3 Bg7 4. e4 d6 5. Bd3 0-0 6. Nge2 e5 7. d5 Nbd7 8. 0-0 Nc5 9. Bc2 Ne8 10. Ng3 Qh4 11. f4 Bg4 12. Qe1 exf4 13. Bxf4 Bd4+ 14. Kh1 Nd7 15. Nf5 Qxe1 16. Nh6+ Kg7 17. Raxe1 Ndf6 18. h3 Bd7 19. Bd2 Nh5 20. Rf3 Be5 21. g4 Nhf6 22. Ref1 g5 23. Bxg5 Kg6 24. Bd2 Ng7 25. Rg1 Rae8 26. Nf5 h6 27. Nxh6 Nh7 28. Rgf1 f6 29. h4 f5 30. exf5+ Nxf5 31. Nxf5 Bxf5 32. Bxf5+ Kg7 33. g5 Re7 34. h5 Rh8 35. h6+ 1-0